Komparatívna analýza konkurencieschopnosti slovenskej a českej ekonomiky z makroekonomického hľadiska

Možnosti hodnotenia konkurencieschopnosti krajín. Konkurencieschopnosť slovenskej ekonomiky a českej ekonomiky. Komparatívna analýza týchto ekonomík.

Na minha lista:
Detalhes bibliográficos
Autor principal: Fliegová, Jana
Outros Autores: Havettová, Miroslava, Lábaj, Martin, 1982-
Formato: Capítulo de Livro
Idioma:eslovaco
Assuntos:
Tags: Adicionar Tag
Sem tags, seja o primeiro a adicionar uma tag!

MARC

LEADER 00000naa$a2200000$$$4500
001 0048305
005 20240502083128.9
041 0 |a slo 
044 |a CZ 
245 1 0 |a Komparatívna analýza konkurencieschopnosti slovenskej a českej ekonomiky z makroekonomického hľadiska  |c Jana Fliegová, Miroslava Havettová, Martin Lábaj 
520 |a Možnosti hodnotenia konkurencieschopnosti krajín. Konkurencieschopnosť slovenskej ekonomiky a českej ekonomiky. Komparatívna analýza týchto ekonomík. 
610 2 0 |a konkurencieschopnosť 
610 2 0 |a analýza komparatívna 
610 2 0 |a makroekonomika 
610 2 0 |a indexy 
610 2 0 |a Slovensko 
610 2 0 |a Česko 
100 1 |a Fliegová, Jana 
700 1 |a Havettová, Miroslava 
700 1 |a Lábaj, Martin, 1982-